Plants in Agriculture (Record no. 53771)

MARC details
000 -LEADER
fixed length control field 00786nam a2200229 a 4500
008 - FIXED-LENGTH DATA ELEMENTS--GENERAL INFORMATION
fixed length control field 060316s1992 ||||||||||||||||| || u
020 ## - INTERNATIONAL STANDARD BOOK NUMBER
International Standard Book Number 0521417554
020 ## - INTERNATIONAL STANDARD BOOK NUMBER
International Standard Book Number 0521427916
050 ## - LIBRARY OF CONGRESS CALL NUMBER
Classification number SB 121 For
100 ## - MAIN ENTRY--PERSONAL NAME
Personal name Forbes, J. C
245 10 - TITLE STATEMENT
Title Plants in Agriculture
260 ## - PUBLICATION, DISTRIBUTION, ETC.
Place of publication, distribution, etc. Cambridge
Name of publisher, distributor, etc. Cambridge University Press
Date of publication, distribution, etc. 1992.
300 ## - PHYSICAL DESCRIPTION
Extent xv, 355 p. : ill.
350 ## - PRICE (NR) (BK AM CF MU VM SE) [OBSOLETE]
Price 0.00
650 ## - SUBJECT ADDED ENTRY--TOPICAL TERM
Topical term or geographic name entry element YAMS
650 #0 - SUBJECT ADDED ENTRY--TOPICAL TERM
Topical term or geographic name entry element BOTANY--ECONOMICS
650 ## - SUBJECT ADDED ENTRY--TOPICAL TERM
Topical term or geographic name entry element BOTANY
700 ## - ADDED ENTRY--PERSONAL NAME
Personal name Watson, R. D
856 ## - ELECTRONIC LOCATION AND ACCESS
Uniform Resource Identifier <a href="http://www.loc.gov/catdir/toc/cam025/91110040.html">http://www.loc.gov/catdir/toc/cam025/91110040.html</a>
856 ## - ELECTRONIC LOCATION AND ACCESS
Uniform Resource Identifier <a href="http://www.loc.gov/catdir/description/cam025/91110040.html">http://www.loc.gov/catdir/description/cam025/91110040.html</a>
995 ## - RECOMMENDATION 995 [LOCAL, UNIMARC FRANCE]
-- 0.00
-- CBU-MAIN LIBRARY (Kitwe)
-- 1
-- 0.00
-- 1
-- DAMAGED
-- May 3, 2006
-- Main Library Open Access Collection
Holdings
Withdrawn status Lost status Source of classification or shelving scheme Damaged status Not for loan Home library Current library Shelving location Date acquired Total Checkouts Full call number Barcode Date last seen Price effective from Koha item type
          CBU-MAIN LIBRARY, KITWE. CBU-MAIN LIBRARY, KITWE.   11/30/2022   SB 121 For 028113 11/30/2022 11/30/2022 MONOGRAPH